| 000 | 01043nam a22002537a 4500 | ||
|---|---|---|---|
| 005 | 20170124102940.0 | ||
| 010 | _aA-511629 | ||
| 020 | _c10.00 | ||
| 035 | _aA-511629 | ||
| 037 | _bCen Lib/Ret | ||
| 040 |
_aDPL _bHN |
||
| 082 |
_a822 _bजोशीज |
||
| 100 |
_aजोशी, जमुनादुत्त _943083 |
||
| 245 |
_aश्रीराम नाटिका / _cजमुनादुत्त जोशी |
||
| 246 |
_aShreeram natika / _bby Jamunadutt Joshi |
||
| 260 |
_aकोटा जंo _bजमुनादुत्त जोशी _c1984 |
||
| 270 |
_bकोटा जंo _a563 एम् ड.ए. रेलवे मेडिकल कॉलोनी |
||
| 300 |
_a104पृ. _c20मी(सजिल्द) |
||
| 650 |
_aहिन्दी साहित्य _948056 |
||
| 650 |
_aहिन्दी साहित्य -- नाटक _946022 |
||
| 650 |
_aHindi literature _948057 |
||
| 650 |
_aHindi literature -- Drama _948058 |
||
| 942 |
_2ddc _cHN _h822 _mजोशीज |
||
| 999 |
_c112528 _d112528 |
||